[Event "SK Werther 1 - SV Königsspringer Lemgo"]
[Site "NRW-Klasse - Gruppe 1 2021/20"]
[Date "2022.01.23"]
[Round "4.5"]
[White "Lu, Trung Cang"]
[Black "Hufendiek, Ekkehard"]
[Result "1-0"]
[WhiteElo "1834"]
[BlackElo "1891"]
[PlyCount "97"]
[EventDate "2022.??.??"]
[SourceVersionDate "2020.03.16"]
[WhiteTeam "SV Königsspringer Lemgo 1"]
[BlackTeam "SK Werther 1"]

1. e4 e5 2. Nf3 Nc6 3. d4 exd4 4. Bc4 Nf6 5. e5 d5 6. Bb5 Ne4 7. Nxd4 Bd7 8.
Bxc6 bxc6 9. O-O Bc5 10. f3 Ng5 11. Be3 Bb6 12. f4 Ne4 13. Nd2 Nxd2 14. Qxd2
O-O 15. Nb3 Bf5 16. c3 Qe7 17. Rae1 Rfe8 18. a4 Rab8 19. Bxb6 Rxb6 20. Nd4 Be4
21. a5 Ra6 22. Qe2 Rxa5 23. b4 Ra4 24. Nxc6 Qe6 25. Nd4 Qb6 26. Ra1 Rxa1 27.
Rxa1 Re6 28. Qb5 Qxb5 29. Nxb5 Rg6 30. g3 h5 31. Rxa7 h4 32. Kf2 hxg3+ 33. hxg3
Rh6 34. Rxc7 Rh2+ 35. Ke3 Rg2 36. Nd6 Rxg3+ 37. Ke2 Rg2+ 38. Kf1 Rb2 39. Nxe4
dxe4 40. Rc4 e3 41. Re4 Rf2+ 42. Ke1 Kf8 43. b5 Ke7 44. b6 Kd7 45. Rc4 Rb2 46.
Rb4 Rxb4 47. cxb4 Kc6 48. f5 Kxb6 49. Ke2 1-0

[Event "SK Werther 1 - SV Königsspringer Lemgo"]
[Site "NRW-Klasse - Gruppe 1 2021/20"]
[Date "2022.01.23"]
[Round "4.6"]
[White "Henkemeier, Michael"]
[Black "Pozo Campos, Francisco"]
[Result "1-0"]
[WhiteElo "1897"]
[BlackElo "1851"]
[PlyCount "83"]
[EventDate "2022.??.??"]
[SourceVersionDate "2020.03.16"]
[WhiteTeam "SK Werther 1"]
[BlackTeam "SV Königsspringer Lemgo 1"]

1. Nf3 d5 2. b3 c5 3. e3 Nc6 4. Bb5 e6 5. Bb2 Nf6 6. Ne5 Qc7 7. f4 Be7 8. O-O
O-O 9. Rf3 a6 10. Bxc6 bxc6 11. Rh3 Rd8 12. d3 d4 13. Nd2 a5 14. a4 Bf8 15. Qf3
Bb7 16. e4 Ba6 17. Rf1 Bd6 18. Ndc4 Bxc4 19. Nxc4 Bf8 20. g4 g6 21. Qg3 Bg7 22.
e5 Nd5 23. g5 Ne7 24. Nd6 Rxd6 25. exd6 Qxd6 26. Qe1 Nf5 27. Bc1 e5 28. Rhf3
Qc7 29. Bd2 Kf8 30. R3f2 Qd6 31. Re2 exf4 32. Bxf4 Qd8 33. Qf2 Qd5 34. Re4 Ne3
35. Re1 Rd8 36. Re2 Qd7 37. Qg3 Nf5 38. Qh3 Kg8 39. Be5 Re8 40. Bxg7 Rxe4 41.
dxe4 d3 42. cxd3 1-0

[Event "SK Werther 1 - SV Königsspringer Lemgo"]
[Site "NRW-Klasse - Gruppe 1 2021/20"]
[Date "2022.01.23"]
[Round "4.7"]
[White "Brechelt, Detlef"]
[Black "Mujanovic, Mesud"]
[Result "1/2-1/2"]
[WhiteElo "1789"]
[BlackElo "1707"]
[PlyCount "72"]
[EventDate "2022.??.??"]
[SourceVersionDate "2020.03.16"]
[WhiteTeam "SV Königsspringer Lemgo 1"]
[BlackTeam "SK Werther 1"]

1. d4 d5 2. c4 e6 3. Nc3 c5 4. cxd5 exd5 5. Nf3 Nc6 6. g3 cxd4 7. Nxd4 Bc5 8.
Nb3 Bb4 9. Bg2 Be6 10. O-O Nge7 11. a3 Bxc3 12. bxc3 O-O 13. a4 Qb6 14. Be3 Qc7
15. Nd4 Bd7 16. Nb5 Qe5 17. Bf4 Qh5 18. e4 Bg4 19. f3 Bh3 20. g4 Qh4 21. exd5
Bxg2 22. Kxg2 Rfd8 23. c4 Ng6 24. Bg3 Qf6 25. Qd2 Nce5 26. Qd4 Rac8 27. Rac1 a6
28. Na3 Nxg4 29. Qxg4 Qb2+ 30. Nc2 Qa2 31. Rf2 Qxa4 32. Ne3 Qa3 33. Qd4 Qxc1
34. h4 Re8 35. Nf5 f6 36. Nd6 Re1 1/2-1/2

[Event "SK Werther 1 - SV Königsspringer Lemgo"]
[Site "NRW-Klasse - Gruppe 1 2021/20"]
[Date "2022.01.23"]
[Round "4.8"]
[White "Mindak, Kacper"]
[Black "Jost, Jan-Timo"]
[Result "1/2-1/2"]
[WhiteElo "1495"]
[BlackElo "1601"]
[PlyCount "33"]
[EventDate "2022.??.??"]
[SourceVersionDate "2020.03.16"]
[WhiteTeam "SK Werther 1"]
[BlackTeam "SV Königsspringer Lemgo 1"]

1. e4 c6 2. d4 d5 3. exd5 cxd5 4. c4 Nf6 5. Nc3 Nc6 6. Nf3 Bg4 7. cxd5 Nxd5 8.
Nxd5 Qxd5 9. Be2 e6 10. O-O Be7 11. Be3 O-O 12. Qa4 Rac8 13. Rfd1 Rfd8 14. a3
Bf6 15. Rd2 a6 16. Re1 Ne7 17. h3 1/2-1/2

[Event "SF Brackel 2 - Schach Nienberge 1"]
[Site "NRW-Klasse - Gruppe 1 2021/20"]
[Date "2022.01.23"]
[Round "4.1"]
[White "Remmeke, Hans"]
[Black "Stemmler, Fabian"]
[Result "1/2-1/2"]
[WhiteElo "2112"]
[BlackElo "2087"]
[PlyCount "75"]
[EventDate "2022.??.??"]
[SourceVersionDate "2020.03.16"]
[WhiteTeam "Schach Nienberge 1"]
[BlackTeam "SF Brackel 2"]

1. d4 e6 2. Nf3 f5 3. c4 Nf6 4. Nc3 Bb4 5. Qc2 b6 6. e3 Bb7 7. Bd3 O-O 8. Bd2
c5 9. dxc5 bxc5 10. O-O-O Nc6 11. a3 Ba5 12. h3 Rc8 13. Rhg1 Qe7 14. g4 Nb4 15.
axb4 cxb4 16. Nd4 bxc3 17. Bxc3 Bxc3 18. Qxc3 Ne4 19. Qc2 d5 20. gxf5 exf5 21.
Kb1 Ba6 22. f3 Bxc4 23. Bxc4 Rxc4 24. Qd3 Rxd4 25. Qxd4 Nf6 26. Rd3 Qb7 27. Rc1
h6 28. Ra3 a6 29. Rc5 Rb8 30. Rca5 f4 31. exf4 Qd7 32. Rxa6 Qxh3 33. Rxf6 gxf6
34. Qxf6 Qf1+ 35. Ka2 Qc4+ 36. Kb1 Qf1+ 37. Ka2 Qc4+ 38. Kb1 1/2-1/2

[Event "SF Brackel 2 - Schach Nienberge 1"]
[Site "NRW-Klasse - Gruppe 1 2021/20"]
[Date "2022.01.23"]
[Round "4.3"]
[White "Emiroglu, Murat"]
[Black "Kracht, Raphael"]
[Result "0-1"]
[WhiteElo "2123"]
[BlackElo "2148"]
[PlyCount "114"]
[EventDate "2022.??.??"]
[SourceVersionDate "2020.03.16"]
[WhiteTeam "Schach Nienberge 1"]
[BlackTeam "SF Brackel 2"]

1. e4 e5 2. Nf3 Nc6 3. Bc4 Bc5 4. d3 Nf6 5. Nc3 O-O 6. O-O h6 7. h3 Re8 8. a4
a5 9. Re1 d6 10. Be3 Bb4 11. Bd2 Ne7 12. Kh2 c6 13. g3 Qd7 14. Ng1 d5 15. Bb3
Ng6 16. Qe2 b6 17. Rad1 Ba6 18. Qf3 Rad8 19. Nge2 Bc8 20. Ng1 Nf8 21. Nb1 Bxd2
22. Nxd2 Ne6 23. c3 Qd6 24. exd5 cxd5 25. Qe2 Nc5 26. Bc2 Ba6 27. Qf3 Qd7 28.
b3 d4 29. c4 Bb7 30. Qe2 Qc6 31. f3 Nfd7 32. Ne4 Ne6 33. Rb1 f5 34. Nd2 Qd6 35.
Qf2 Nec5 36. Ne2 Nf6 37. Rbd1 Kh8 38. Nc1 Rf8 39. Qe2 Rde8 40. Rf1 Rf7 41. Rfe1
Rfe7 42. Qf1 g6 43. Bb1 Kg7 44. Qg1 g5 45. Qf1 h5 46. Qf2 Kh8 47. Kg1 Rf8 48.
Nf1 Rff7 49. Nd2 Qc6 50. Kh2 g4 51. Rf1 gxh3 52. Kxh3 Ng4 53. Qe2 Rh7 54. Rde1
Ne3 55. Rh1 h4 56. Reg1 Reg7 57. gxh4 Rxh4+ 0-1

[Event "SF Brackel 2 - Schach Nienberge 1"]
[Site "NRW-Klasse - Gruppe 1 2021/20"]
[Date "2022.01.23"]
[Round "4.4"]
[White "Garbuz, Vitaliy"]
[Black "Gottkehaskamp, Stefan"]
[Result "1/2-1/2"]
[WhiteElo "2099"]
[BlackElo "2023"]
[PlyCount "52"]
[EventDate "2022.??.??"]
[SourceVersionDate "2020.03.16"]
[WhiteTeam "SF Brackel 2"]
[BlackTeam "Schach Nienberge 1"]

1. e4 c6 2. d4 d5 3. exd5 cxd5 4. c4 Nf6 5. Nc3 Nc6 6. Bg5 dxc4 7. d5 Ne5 8.
Qd4 h6 9. Bf4 Ng6 10. Bg3 e5 11. Qxc4 Bd6 12. Bd3 O-O 13. Nge2 Bd7 14. O-O Qb6
15. Qb3 Qxb3 16. axb3 Nh5 17. Bxg6 fxg6 18. Ne4 Nxg3 19. hxg3 Bc7 20. Rac1 Bb6
21. Nd6 Bg4 22. Nc3 Rad8 23. Nc4 Bd4 24. Rce1 Rfe8 25. Nb5 Bf5 26. Rd1 Bc2
1/2-1/2

[Event "SF Brackel 2 - Schach Nienberge 1"]
[Site "NRW-Klasse - Gruppe 1 2021/20"]
[Date "2022.01.23"]
[Round "4.5"]
[White "Kemper, Georg"]
[Black "Elier, Ali"]
[Result "0-1"]
[WhiteElo "1975"]
[BlackElo "2110"]
[PlyCount "38"]
[EventDate "2022.??.??"]
[SourceVersionDate "2020.03.16"]
[WhiteTeam "Schach Nienberge 1"]
[BlackTeam "SF Brackel 2"]

1. d4 d5 2. c4 e6 3. Nf3 Nf6 4. g3 Be7 5. Bg2 O-O 6. O-O dxc4 7. a4 Bd7 8. Na3
Bc6 9. Nxc4 Nbd7 10. b3 Rc8 11. Ba3 Bd5 12. Bxe7 Qxe7 13. Nfe5 c5 14. Bxd5 exd5
15. Nxd7 Qxd7 16. Ne3 Qh3 17. dxc5 Rfe8 18. Qd4 Re4 19. Qd3 d4 0-1

[Event "SF Brackel 2 - Schach Nienberge 1"]
[Site "NRW-Klasse - Gruppe 1 2021/20"]
[Date "2022.01.23"]
[Round "4.6"]
[White "Bartelt, Max Peter"]
[Black "Haas, Kai Markus"]
[Result "1/2-1/2"]
[WhiteElo "2006"]
[BlackElo "1900"]
[PlyCount "102"]
[EventDate "2022.??.??"]
[SourceVersionDate "2020.03.16"]
[WhiteTeam "SF Brackel 2"]
[BlackTeam "Schach Nienberge 1"]

1. d4 c5 2. d5 e5 3. e4 d6 4. f4 exf4 5. Bxf4 Nf6 6. Bd3 Nbd7 7. Nf3 Qe7 8. Qe2
Ng4 9. Bg5 f6 10. Bf4 g6 11. c3 a6 12. a4 Bg7 13. Nbd2 O-O 14. O-O Nge5 15. Nc4
Nxc4 16. Bxc4 Ne5 17. Nxe5 fxe5 18. Be3 Bd7 19. Bxc5 Rac8 20. Be3 Qh4 21. Bd3
Bh6 22. g3 Qh3 23. Qd2 Kg7 24. a5 Bg4 25. Bxh6+ Qxh6 26. Qxh6+ Kxh6 27. Rxf8
Rxf8 28. Rf1 Kg7 29. Rxf8 Kxf8 30. b4 Ke7 31. Kf2 Kd8 32. c4 Kc7 33. c5 h6 34.
Ke3 h5 35. c6 Bd1 36. b5 axb5 37. Bxb5 Bg4 38. h4 Bd1 39. cxb7 Kxb7 40. Be8 Ka6
41. Bxg6 Kxa5 42. Bf5 Kb6 43. g4 Kc7 44. g5 Kd8 45. Bh3 Ba4 46. g6 Ke7 47. Bf5
Bd1 48. Kd2 Bf3 49. Kc3 Kf6 50. Kb4 Be2 51. Ka5 Bg4 1/2-1/2

[Event "SF Brackel 2 - Schach Nienberge 1"]
[Site "NRW-Klasse - Gruppe 1 2021/20"]
[Date "2022.01.23"]
[Round "4.7"]
[White "Keller, Dirk"]
[Black "Seref, Erdogan"]
[Result "1/2-1/2"]
[WhiteElo "1919"]
[BlackElo "1985"]
[PlyCount "53"]
[EventDate "2022.??.??"]
[SourceVersionDate "2020.03.16"]
[WhiteTeam "Schach Nienberge 1"]
[BlackTeam "SF Brackel 2"]

1. c4 Nf6 2. g3 g6 3. Bg2 Bg7 4. Nc3 O-O 5. e4 d6 6. Nge2 c5 7. O-O Nc6 8. d3
Rb8 9. h3 a6 10. a4 Ne8 11. Be3 Nc7 12. d4 cxd4 13. Nxd4 Ne6 14. Nde2 Bd7 15.
Rb1 Na5 16. b3 b5 17. cxb5 axb5 18. b4 Nc4 19. a5 Nxe3 20. fxe3 Nc7 21. Qd3 f5
22. exf5 Bxf5 23. e4 Be6 24. Rxf8+ Qxf8 25. Rf1 Qc8 26. Kh2 Na6 27. Nd5 1/2-1/2

[Event "SF Brackel 2 - Schach Nienberge 1"]
[Site "NRW-Klasse - Gruppe 1 2021/20"]
[Date "2022.01.23"]
[Round "4.8"]
[White "Slanina, Aaron"]
[Black "Wetterau, Georg"]
[Result "1-0"]
[WhiteElo "1936"]
[BlackElo "1819"]
[PlyCount "51"]
[EventDate "2022.??.??"]
[SourceVersionDate "2020.03.16"]
[WhiteTeam "SF Brackel 2"]
[BlackTeam "Schach Nienberge 1"]

1. e4 e5 2. Nf3 Nc6 3. Bb5 a6 4. Ba4 Nf6 5. O-O Be7 6. Re1 b5 7. Bb3 Bb7 8. c3
d5 9. exd5 Nxd5 10. Nxe5 Nxe5 11. Rxe5 Nf4 12. d4 Nxg2 13. Qg4 O-O 14. Bh6 Bf6
15. Nd2 Nh4 16. Bg5 Bxg5 17. Rxg5 Ng6 18. h4 Qf6 19. h5 Ne7 20. Re1 h6 21. Rge5
Bc8 22. Qg2 Nf5 23. Qxa8 Qg5+ 24. Qg2 Qxd2 25. Re8 Be6 26. R1xe6 1-0

[Event "Schach Nienberge 1 - Gütersloher SV 1"]
[Site "NRW-Klasse - Gruppe 1 2021/20"]
[Date "2022.06.12"]
[Round "5.1"]
[White "Plaßmann, Dominik"]
[Black "Mikeladze, Berdia"]
[Result "1/2-1/2"]
[WhiteElo "2129"]
[BlackElo "2381"]
[PlyCount "92"]
[EventDate "2022.??.??"]
[SourceVersionDate "2020.03.16"]
[WhiteTeam "Gütersloher SV 1"]
[BlackTeam "Schach Nienberge 1"]

1. e4 c6 2. d4 d6 3. Nc3 e5 4. Be3 Nd7 5. f3 Be7 6. Qd2 a5 7. a4 Ngf6 8. Bc4
O-O 9. Nge2 Re8 10. O-O Nf8 11. Ng3 exd4 12. Bxd4 Be6 13. Be2 d5 14. e5 N6d7
15. f4 f5 16. exf6 Bxf6 17. Bf3 Bxd4+ 18. Qxd4 Qb6 19. Qxb6 Nxb6 20. Rad1 Nc4
21. Rfe1 g6 22. b3 Nd6 23. Kf2 Nf5 24. Bg4 Nxg3 25. Kxg3 Bxg4 26. Kxg4 Kf7 27.
Kf3 h5 28. Na2 Ne6 29. Re5 Nc5 30. Rxe8 Rxe8 31. Nc1 Kf6 32. Nd3 Ne6 33. c3 Re7
34. Re1 Rc7 35. Re5 b5 36. h3 b4 37. cxb4 Nd4+ 38. Ke3 Nxb3 39. bxa5 d4+ 40.
Ke4 c5 41. a6 c4 42. Nb4 Kf7 43. Nd5 Ra7 44. Re7+ Rxe7+ 45. Nxe7 c3 46. a7 c2
1/2-1/2

[Event "Schach Nienberge 1 - Gütersloher SV 1"]
[Site "NRW-Klasse - Gruppe 1 2021/20"]
[Date "2022.06.12"]
[Round "5.2"]
[White "Remmeke, Hans"]
[Black "Janyska, Dennis"]
[Result "1/2-1/2"]
[WhiteElo "2112"]
[BlackElo "2059"]
[Annotator "daniel"]
[PlyCount "111"]
[EventDate "2022.??.??"]
[SourceVersionDate "2020.03.16"]
[WhiteTeam "Schach Nienberge 1"]
[BlackTeam "Gütersloher SV 1"]

1. d4 d5 2. Nf3 Nf6 3. g3 e6 4. Bg2 Be7 5. O-O O-O 6. c4 dxc4 7. Qc2 a6 8. a4
Bd7 9. Qxc4 Bc6 10. Bg5 Bd5 11. Qc2 Be4 12. Qc1 Nc6 13. e3 Nb4 14. Nc3 Bc6 15.
Rd1 h6 $11 16. Bxf6 Bxf6 17. Rd2 g5 18. h3 Qe7 19. Qf1 Rfd8 20. Rad1 Be8 21.
Qc4 Rac8 22. e4 Bg7 23. Re1 a5 24. Red1 c6 25. Qe2 Qc7 26. Kh2 Rd7 27. e5 Nd5
28. Ne4 Bf8 29. h4 f5 30. exf6 Rh7 31. Kg1 Bb4 32. Rc2 gxh4 33. Nxh4 Qf7 34.
Qf3 Rd8 35. Re2 Qh5 36. Bh3 Qxf3 37. Nxf3 Bh5 38. Bxe6+ Kh8 39. Kg2 Bxf3+ 40.
Kxf3 Nxf6 41. Nxf6 Rf8 42. Kg2 Rxf6 43. f4 Re7 44. Bg4 Kg7 45. Kf3 Rxe2 46.
Kxe2 Bd6 47. Bc8 b6 48. Rc1 c5 49. d5 Rf8 50. Be6 Rb8 51. Bd7 Rd8 52. Bc6 h5
53. Kf3 Rf8 54. Rc4 Rh8 55. Kg2 h4 56. gxh4 1/2-1/2

[Event "Schach Nienberge 1 - Gütersloher SV 1"]
[Site "NRW-Klasse - Gruppe 1 2021/20"]
[Date "2022.06.12"]
[Round "5.3"]
[White "Asani, Baskim"]
[Black "Gottkehaskamp, Philipp"]
[Result "0-1"]
[WhiteElo "1961"]
[BlackElo "2076"]
[PlyCount "44"]
[EventDate "2022.??.??"]
[SourceVersionDate "2020.03.16"]
[WhiteTeam "Gütersloher SV 1"]
[BlackTeam "Schach Nienberge 1"]

1. d4 Nf6 2. Bf4 c5 3. e3 Qb6 4. Nc3 a6 5. Rb1 cxd4 6. exd4 d5 7. Nf3 Bf5 8.
Bd3 Bxd3 9. Qxd3 e6 10. O-O Be7 11. Ne5 Nc6 12. Rfd1 O-O 13. Bg5 Qc7 14. Re1
Rac8 15. Re3 Nxe5 16. dxe5 Ng4 17. Rh3 g6 18. Bxe7 Qxe7 19. Qd4 Rc4 20. Qd2
Nxe5 21. Re1 f6 22. Rhe3 d4 0-1

[Event "Schach Nienberge 1 - Gütersloher SV 1"]
[Site "NRW-Klasse - Gruppe 1 2021/20"]
[Date "2022.06.12"]
[Round "5.4"]
[White "Ringwelski, Marius"]
[Black "Neumann, Theodor"]
[Result "0-1"]
[WhiteElo "1992"]
[BlackElo "1917"]
[PlyCount "77"]
[EventDate "2022.??.??"]
[SourceVersionDate "2020.03.16"]
[WhiteTeam "Schach Nienberge 1"]
[BlackTeam "Gütersloher SV 1"]

1. d4 e6 2. c4 f5 3. Nf3 Nf6 4. Nc3 Be7 5. g3 O-O 6. Bg2 Qe8 7. O-O c6 8. d5 d6
9. dxe6 Bxe6 10. b3 Ne4 11. Nxe4 fxe4 12. Nd4 Bf6 13. Ba3 c5 14. Nxe6 Qxe6 15.
Rb1 Kh8 16. b4 Na6 17. b5 Nc7 18. Qc2 Rfe8 19. e3 b6 20. Bb2 d5 21. Bxf6 gxf6
22. cxd5 Nxd5 23. Rfd1 Nb4 24. Qb2 Rad8 25. Rxd8 Rxd8 26. Bxe4 Rd6 27. Bf3 Qxa2
28. Qc1 Nd3 29. Qf1 Qf7 30. Be4 Qd7 31. Bc6 Qe6 32. e4 Nb4 33. Ra1 a5 34. bxa6
Nxc6 35. a7 Nxa7 36. Rxa7 Qxe4 37. Qa1 Qf3 38. Ra8+ Kg7 39. Re8 0-1

[Event "Schach Nienberge 1 - Gütersloher SV 1"]
[Site "NRW-Klasse - Gruppe 1 2021/20"]
[Date "2022.06.12"]
[Round "5.5"]
[White "Hanhoerster, Stephan"]
[Black "Gottkehaskamp, Stefan"]
[Result "1/2-1/2"]
[WhiteElo "2001"]
[BlackElo "2023"]
[PlyCount "26"]
[EventDate "2022.??.??"]
[SourceVersionDate "2020.03.16"]
[WhiteTeam "Gütersloher SV 1"]
[BlackTeam "Schach Nienberge 1"]

1. c4 Nf6 2. Nf3 g6 3. Nc3 Bg7 4. g3 O-O 5. Bg2 d6 6. O-O c5 7. a3 Nc6 8. d3 d5
9. cxd5 Nxd5 10. Nxd5 Qxd5 11. Rb1 Qd6 12. b4 cxb4 13. axb4 Rb8 1/2-1/2

[Event "Schach Nienberge 1 - Gütersloher SV 1"]
[Site "NRW-Klasse - Gruppe 1 2021/20"]
[Date "2022.06.12"]
[Round "5.6"]
[White "Kemper, Georg"]
[Black "Borchmann, Thorsten"]
[Result "1-0"]
[WhiteElo "1975"]
[BlackElo "1660"]
[PlyCount "53"]
[EventDate "2022.??.??"]
[SourceVersionDate "2020.03.16"]
[WhiteTeam "Schach Nienberge 1"]
[BlackTeam "Gütersloher SV 1"]

1. d4 Nf6 2. c4 g6 3. f3 Bg7 4. e4 d6 5. Bd3 Nbd7 6. Ne2 e5 7. Be3 O-O 8. Nbc3
b6 9. b3 Kh8 10. Qd2 Ng8 11. O-O Ne7 12. Rad1 f5 13. f4 exf4 14. Bxf4 Nf6 15.
Bg5 fxe4 16. Nxe4 Nf5 17. g4 Qe8 18. Nxf6 Rxf6 19. gxf5 gxf5 20. Bxf6 Bxf6 21.
Bxf5 Bxf5 22. Rxf5 Qg6+ 23. Ng3 Rg8 24. Rdf1 Bh4 25. Qf4 Bxg3 26. hxg3 Qe6 27.
Rg5 1-0

[Event "Schach Nienberge 1 - Gütersloher SV 1"]
[Site "NRW-Klasse - Gruppe 1 2021/20"]
[Date "2022.06.12"]
[Round "5.7"]
[White "Elefteriadis, Paul-Gabriel"]
[Black "Haas, Kai Markus"]
[Result "1-0"]
[WhiteElo "1773"]
[BlackElo "1900"]
[PlyCount "123"]
[EventDate "2022.??.??"]
[SourceVersionDate "2020.03.16"]
[WhiteTeam "Gütersloher SV 1"]
[BlackTeam "Schach Nienberge 1"]

1. d4 d6 2. Nf3 g6 3. c4 Bg7 4. Nc3 Nd7 5. e4 e5 6. Be2 c6 7. Be3 Ngf6 8. O-O
O-O 9. Rc1 Qe7 10. d5 c5 11. Nd2 Re8 12. a3 Nf8 13. b4 b6 14. bxc5 bxc5 15. Rb1
h6 16. h3 g5 17. Rb5 Ng6 18. Bg4 Nxg4 19. hxg4 Qc7 20. Qf3 Bd7 21. Rb3 Qc8 22.
Rfb1 Bxg4 23. Qg3 Bd7 24. Rb7 Nf4 25. f3 Bf6 26. Qe1 Bd8 27. R7b3 a6 28. Ne2
Ba4 29. Rb7 Nd3 30. Qf1 Bc2 31. Ng3 Bxb1 32. Rxb1 Nf4 33. Nf5 Qd7 34. g3 Bf6
35. gxf4 gxf4 36. Qh3 Re7 37. Qxh6 Bh8 38. Qg5+ Kf8 39. Qh6+ Kg8 40. Nxe7+ Qxe7
41. Kh1 f6 42. Bf2 Bg7 43. Qg6 Rf8 44. Bh4 Qd7 45. Qf5 Qc7 46. Rg1 Kh8 47. Rg6
Qe7 48. Nf1 Rf7 49. Nh2 Qb7 50. Qe6 Kh7 51. Rg1 Rf8 52. Qxd6 Qf7 53. Qe6 Qh5
54. Qg4 Qh6 55. Qh3 Kg8 56. Ng4 Qh5 57. Nxf6+ Rxf6 58. Rxg7+ Kf8 59. Qg4 Qh6
60. Qg5 Qxh4+ 61. Qxh4 Kxg7 62. Kg2 1-0

[Event "Schach Nienberge 1 - Gütersloher SV 1"]
[Site "NRW-Klasse - Gruppe 1 2021/20"]
[Date "2022.06.12"]
[Round "5.8"]
[White "Keller, Dirk"]
[Black "Kandler, Pascal"]
[Result "1-0"]
[WhiteElo "1919"]
[BlackElo "1760"]
[PlyCount "118"]
[EventDate "2022.??.??"]
[SourceVersionDate "2020.03.16"]
[WhiteTeam "Schach Nienberge 1"]
[BlackTeam "Gütersloher SV 1"]

1. c4 c5 2. g3 Nc6 3. Bg2 e6 4. Nf3 d5 5. b3 Nf6 6. O-O Be7 7. Bb2 O-O 8. d3 b6
9. Nbd2 Bb7 10. Qc2 Qc7 11. Rac1 Rac8 12. cxd5 Nxd5 13. a3 Rfd8 14. e4 Nf6 15.
e5 Ng4 16. h3 Nh6 17. d4 Qb8 18. dxc5 Bxc5 19. Ng5 g6 20. Nc4 Nf5 21. Nf3 Nxg3
22. Rfd1 Nf5 23. Rxd8+ Rxd8 24. b4 Bf8 25. Re1 Ncd4 26. Nxd4 Nxd4 27. Qc3 Bxg2
28. Kxg2 Qb7+ 29. Kg3 Nf5+ 30. Kh2 Nh4 31. Ne3 Nf3+ 32. Kg3 Nxe1 33. Qxe1 Qe4
34. f3 Qd3 35. Ng4 h5 36. Nf6+ Kg7 37. Bc1 Be7 38. Bg5 Qxa3 39. Nxh5+ Kf8 40.
Nf6 Bxf6 41. Bxf6 Rd3 42. Qe4 Rxf3+ 43. Qxf3 Qxf3+ 44. Kxf3 a5 45. bxa5 bxa5
46. Ke4 Ke8 47. Kd4 Kd7 48. Kc5 a4 49. Kb4 a3 50. Kxa3 Kc7 51. Kb4 Kb6 52. Kc4
Kc6 53. Kd4 Kd7 54. Kc5 Kc7 55. Bg5 Kd7 56. Kb6 Ke8 57. Kc7 Kf8 58. Kd7 Kg8 59.
Ke8 Kg7 1-0

[Event "SV Kamen 1 - SF Brackel 2"]
[Site "NRW-Klasse - Gruppe 1 2021/20"]
[Date "2022.06.12"]
[Round "5.1"]
[White "Stemmler, Fabian"]
[Black "Luetke, Jens"]
[Result "1-0"]
[WhiteElo "2087"]
[BlackElo "2205"]
[PlyCount "67"]
[EventDate "2022.??.??"]
[SourceVersionDate "2020.03.16"]
[WhiteTeam "SF Brackel 2"]
[BlackTeam "SV Kamen 1"]

1. e4 c5 2. Nf3 d6 3. d4 cxd4 4. Nxd4 Nf6 5. Nc3 a6 6. Bg5 e6 7. f4 Be7 8. Qf3
Qc7 9. O-O-O Nbd7 10. g4 h6 11. Bxf6 Bxf6 12. h4 Rb8 13. g5 Bxd4 14. Rxd4 b5
15. Bh3 b4 16. Ne2 e5 17. Bxd7+ Bxd7 18. Rd2 hxg5 19. hxg5 Ke7 20. Rhd1 Be6 21.
f5 Bxa2 22. f6+ Ke8 23. fxg7 Rg8 24. Ng3 Rxg7 25. Nh5 Rg6 26. Nf6+ Ke7 27. Rxd6
Be6 28. Rxe6+ fxe6 29. Rd7+ Qxd7 30. Nxd7 Rbg8 31. Nxe5 Rxg5 32. Qf7+ Kd6 33.
Nc4+ Kc5 34. b3 1-0

[Event "SV Kamen 1 - SF Brackel 2"]
[Site "NRW-Klasse - Gruppe 1 2021/20"]
[Date "2022.06.12"]
[Round "5.2"]
[White "Himmel, Hansjoerg"]
[Black "Gerlach, Felix"]
[Result "1-0"]
[WhiteElo "2226"]
[BlackElo "2104"]
[PlyCount "65"]
[EventDate "2022.??.??"]
[SourceVersionDate "2020.03.16"]
[WhiteTeam "SV Kamen 1"]
[BlackTeam "SF Brackel 2"]

1. e4 e5 2. Nf3 Nc6 3. Bb5 a6 4. Bxc6 dxc6 5. O-O Bd6 6. d4 exd4 7. Nxd4 Ne7 8.
Be3 O-O 9. Nd2 Re8 10. Qh5 Ng6 11. g3 Ne5 12. Qe2 Ng4 13. Rad1 h5 14. Qf3 h4
15. Nc4 Qf6 16. Qxf6 Nxf6 17. e5 Bxe5 18. Nxe5 Rxe5 19. Nf3 Rb5 20. Rd8+ Kh7
21. Nxh4 Rxb2 22. Bd4 Rxc2 23. Bxf6 gxf6 24. Re1 Rxa2 25. f4 f5 26. Nf3 b5 27.
Ng5+ Kg7 28. Re7 Bb7 29. Rxf7+ Kg6 30. Rdd7 Rg8 31. Rxc7 Ba8 32. Rcd7 Kh5 33.
Rh7+ 1-0

[Event "SV Kamen 1 - SF Brackel 2"]
[Site "NRW-Klasse - Gruppe 1 2021/20"]
[Date "2022.06.12"]
[Round "5.3"]
[White "Kracht, Raphael"]
[Black "Weidemann, Christian"]
[Result "1/2-1/2"]
[WhiteElo "2115"]
[BlackElo "2231"]
[PlyCount "67"]
[EventDate "2022.??.??"]
[SourceVersionDate "2020.03.16"]
[WhiteTeam "SF Brackel 2"]
[BlackTeam "SV Kamen 1"]

1. e4 c5 2. d4 cxd4 3. c3 dxc3 4. Nxc3 Nc6 5. Nf3 d6 6. Bc4 a6 7. O-O Nf6 8. b4
Bg4 9. Bf4 e5 10. Be3 Be7 11. Qb3 O-O 12. Nd2 b5 13. Bd3 Rc8 14. Nd5 Nxd5 15.
exd5 Nd4 16. Bxd4 exd4 17. a4 Bd7 18. axb5 Bxb5 19. Bxb5 axb5 20. Qd3 Qb6 21.
Ra5 Ra8 22. Re1 Bf6 23. Qxb5 Qxb5 24. Rxb5 d3 25. Ne4 Rfe8 26. Nxf6+ gxf6 27.
Rd1 Ra2 28. Ra5 Rb2 29. Ra3 Rd2 30. Raa1 Rxd1+ 31. Rxd1 Re5 32. Kf1 Rxd5 33.
Ke1 Rb5 34. Rxd3 1/2-1/2

[Event "SV Kamen 1 - SF Brackel 2"]
[Site "NRW-Klasse - Gruppe 1 2021/20"]
[Date "2022.06.12"]
[Round "5.4"]
[White "Kleinegger, Frank"]
[Black "Garbuz, Vitaliy"]
[Result "0-1"]
[WhiteElo "2088"]
[BlackElo "2124"]
[PlyCount "100"]
[EventDate "2022.??.??"]
[SourceVersionDate "2020.03.16"]
[WhiteTeam "SV Kamen 1"]
[BlackTeam "SF Brackel 2"]

1. d4 d5 2. c4 c6 3. cxd5 cxd5 4. Nc3 Nf6 5. Bf4 Nc6 6. e3 e6 7. Bd3 Bd6 8. Bg3
O-O 9. Rc1 a6 10. Nf3 Bxg3 11. hxg3 g6 12. O-O Qd6 13. Bb1 Nd7 14. e4 dxe4 15.
Nxe4 Qb4 16. Qe2 Nxd4 17. Nxd4 Qxd4 18. Rfd1 Qe5 19. f4 Qg7 20. Rxc8 Raxc8 21.
Rxd7 Rc1+ 22. Rd1 Qd4+ 23. Nf2 Rxd1+ 24. Qxd1 Qxb2 25. Qb3 Qxb3 26. axb3 Rc8
27. Be4 Rc1+ 28. Kh2 a5 29. Bxb7 Rb1 30. Ba6 Rxb3 31. Ne4 a4 32. Nc5 Rb6 33.
Nxa4 Rxa6 34. Nc5 Ra3 35. Ne4 Kg7 36. Ng5 h6 37. Nf3 Kf6 38. Ne5 h5 39. Nc4 Ra2
40. Ne5 Re2 41. Nf3 e5 42. fxe5+ Rxe5 43. Kh3 Re3 44. g4 Rxf3+ 45. gxf3 Kg5 46.
Kg3 h4+ 47. Kh3 f6 48. f4+ Kxf4 49. Kxh4 g5+ 50. Kh3 Kf3 0-1

[Event "SV Kamen 1 - SF Brackel 2"]
[Site "NRW-Klasse - Gruppe 1 2021/20"]
[Date "2022.06.12"]
[Round "5.5"]
[White "Elier, Ali"]
[Black "Seepe, Udo"]
[Result "1/2-1/2"]
[WhiteElo "2110"]
[BlackElo "2019"]
[PlyCount "81"]
[EventDate "2022.??.??"]
[SourceVersionDate "2020.03.16"]
[WhiteTeam "SF Brackel 2"]
[BlackTeam "SV Kamen 1"]

1. e4 c5 2. d4 cxd4 3. c3 dxc3 4. Nxc3 Nc6 5. Nf3 g6 6. Bc4 Bg7 7. e5 Nh6 8. h3
d6 9. exd6 Nf5 10. dxe7 Qxe7+ 11. Qe2 Qxe2+ 12. Nxe2 O-O 13. O-O Be6 14. Bxe6
fxe6 15. Bd2 Nfd4 16. Nfxd4 Nxd4 17. Nc3 Rac8 18. Rad1 a6 19. Rfe1 Rfd8 20. Bg5
Rd7 21. Ne4 Kf7 22. Be3 h6 23. b4 b6 24. Rd2 Rc4 25. a3 Rd5 26. f3 Ke7 27. Red1
e5 28. Nf2 a5 29. Ng4 axb4 30. axb4 Rxb4 31. Bxh6 Bxh6 32. Nxh6 Ne2+ 33. Kf2
Rxd2 34. Rxd2 Nf4 35. Ra2 Ke6 36. Ng4 Rb2+ 37. Rxb2 Nd3+ 38. Ke3 Nxb2 39. h4
Nc4+ 40. Kd3 Nd6 41. Ne3 1/2-1/2